[Event "Ortisei Server24 op 4th"]
[Site "Ortisei"]
[Date "2018.06.19"]
[Round "4"]
[White "Schnelzer, Reinhold"]
[Black "Chennaoui, Yasin"]
[Result "0-1"]
[WhiteElo "2182"]
[BlackElo "2002"]
[PlyCount "78"]
[EventDate "2018.06.16"]
[EventType "tourn"]
[EventRounds "9"]
[EventCountry "ITA"]
[SourceTitle "CBM 185 Extra"]
[Source "ChessBase"]
[SourceDate "2018.07.29"]
[SourceVersion "1"]
[SourceVersionDate "2018.07.29"]
[SourceQuality "1"]

1. d4 Nf6 2. c4 c5 3. Nf3 cxd4 4. Nxd4 Nc6 5. Nc3 e6 6. Ndb5 d6 7. Bf4 e5 8. Bg5 a6 9. Bxf6 gxf6 10. Na3 f5 11. g3 Be6 12. Bg2 Rc8 13. 0-0 h5 14. Qd2 Bh6 15. e3 h4 16. f4 hxg3 17. hxg3 Bg7 18. Rad1 exf4 19. gxf4 Qh4 20. Rf3 Qh2+ 21. Kf2 Bxc3 22. Qxc3 Rg8 23. Rg1 Ne7 24. Qd4 b5 25. b3 b4 26. Nb1 d5 27. Kf1 Rxg2 28. Rxg2 Qh1+ 29. Kf2 Qxb1 30. Rh3 Qxa2+ 31. Kf3 Qxb3 32. Rh8+ Kd7 33. Rxc8 Kxc8 34. Qc5+ Kd7 35. Qa7+ Kd8 36. Rh2 Ng6 37. c5 Qd1+ 38. Kg3 Qe1+ 39. Kf3 Nh4+ 0-1

[Event "Ortisei Server24 op 4th"]
[Site "Ortisei"]
[Date "2018.06.17"]
[Round "2"]
[White "Schnelzer, Reinhold"]
[Black "Sonis, Francesco"]
[Result "1/2-1/2"]
[WhiteElo "2182"]
[BlackElo "2448"]
[PlyCount "100"]
[EventDate "2018.06.16"]
[EventType "tourn"]
[EventRounds "9"]
[EventCountry "ITA"]
[SourceTitle "CBM 185 Extra"]
[Source "ChessBase"]
[SourceDate "2018.07.29"]
[SourceVersion "1"]
[SourceVersionDate "2018.07.29"]
[SourceQuality "1"]

1. d4 d5 2. c4 c6 3. cxd5 cxd5 4. Nc3 Nf6 5. Bf4 Nc6 6. e3 Bf5 7. Qb3 Na5 8. Qa4+ Bd7 9. Qc2 Rc8 10. Bd3 b5 11. a3 e6 12. Nf3 Nc4 13. 0-0 Be7 14. h3 0-0 15. Ne5 Be8 16. Qe2 Qb6 17. Rfc1 Nd7 18. Nf3 Nf6 19. Ne5 Nd6 20. Na2 Rxc1+ 21. Rxc1 a5 22. Qc2 Nc4 23. a4 bxa4 24. Nxc4 dxc4 25. Bxc4 Bc6 26. Nc3 Rc8 27. Nxa4 Bxa4 28. Qxa4 Qxb2 29. Rc2 Qb1+ 30. Kh2 Qb4 31. Qa2 a4 32. Be5 Nd7 33. Bd3 Rc3 34. Rxc3 Qxc3 35. Qxa4 Nxe5 36. Qe8+ Bf8 37. Bxh7+ Kxh7 38. Qxf8 Ng6 39. Qxf7 Qc6 40. g4 Qd5 41. Kg3 Qd6+ 42. f4 Nf8 43. h4 Qa3 44. Kf3 Qa8+ 45. Kg3 Qa3 46. Kf3 Qd6 47. h5 Qd5+ 48. Kf2 Qa2+ 49. Kf3 Qd5+ 50. Kf2 Qa2+ 1/2-1/2

[Event "Landesliga Sued 1718"]
[Site "Bayern"]
[Date "2018.02.25"]
[Round "7.4"]
[White "Schnelzer, Reinhold"]
[Black "Billing, Christian"]
[Result "1-0"]
[WhiteElo "2174"]
[BlackElo "2175"]
[PlyCount "107"]
[EventDate "2017.10.22"]
[EventType "team-tourn"]
[EventRounds "9"]
[EventCountry "GER"]
[SourceTitle "EXT 2022"]
[Source "ChessBase"]
[SourceDate "2021.10.06"]
[SourceVersion "1"]
[SourceVersionDate "2021.10.06"]
[SourceQuality "1"]
[WhiteTeam "Haunstetten TSV"]
[BlackTeam "Dillingen"]
[WhiteTeamCountry "GER"]
[BlackTeamCountry "GER"]

1. Nf3 Nf6 2. c4 g6 3. Nc3 Bg7 4. d4 d6 5. g3 0-0 6. Bg2 Nbd7 7. 0-0 c6 8. e4 e5 9. h3 Qe7 10. Re1 h6 11. Be3 Ne8 12. Qc2 Nc7 13. Rad1 a5 14. a3 b6 15. b4 axb4 16. axb4 Bb7 17. dxe5 dxe5 18. Na4 Na6 19. Rxd7 Qxd7 20. Nxb6 Qe7 21. Nxa8 Nxb4 22. Qc3 Rxa8 23. c5 Na2 24. Qd2 Bc8 25. Bxh6 Qxc5 26. Qd8+ Qf8 27. Qxf8+ Kxf8 28. Bxg7+ Kxg7 29. Nxe5 Nb4 30. Rc1 Be6 31. Bf1 Kf6 32. f4 Rc8 33. Bc4 c5 34. Kf2 Rc7 35. Ke3 Rc8 36. h4 Bxc4 37. Rxc4 Ke6 38. Rc3 Rc7 39. g4 Kd6 40. Rc1 Ra7 41. Rc3 Re7 42. Kf3 Ra7 43. h5 gxh5 44. gxh5 f6 45. Ng4 f5 46. Nf6 Ke6 47. e5 Nd5 48. Rd3 Nb4 49. Rd6+ Ke7 50. h6 Ra3+ 51. Kg2 Nd3 52. Nd5+ Kf8 53. e6 Ra8 54. Rd8+ 1-0

[Event "Landesliga Sued 1718"]
[Site "Bayern"]
[Date "2018.02.04"]
[Round "6.4"]
[White "Schnelzer, Reinhold"]
[Black "Reilein, Christian"]
[Result "1/2-1/2"]
[WhiteElo "2174"]
[BlackElo "2156"]
[PlyCount "27"]
[EventDate "2017.10.22"]
[EventType "team-tourn"]
[EventRounds "9"]
[EventCountry "GER"]
[SourceTitle "EXT 2022"]
[Source "ChessBase"]
[SourceDate "2021.10.06"]
[SourceVersion "1"]
[SourceVersionDate "2021.10.06"]
[SourceQuality "1"]
[WhiteTeam "Haunstetten TSV"]
[BlackTeam "Ingolstadt"]
[WhiteTeamCountry "GER"]
[BlackTeamCountry "GER"]

1. Nf3 d5 2. d4 Bf5 3. c4 e6 4. Nc3 c6 5. Bf4 Qb6 6. Qc1 Nf6 7. e3 Nbd7 8. Be2 Be7 9. 0-0 h6 10. Ne5 Nxe5 11. Bxe5 0-0 12. Qd2 dxc4 13. Bxc4 Ne4 14. Nxe4 1/2-1/2

[Event "Landesliga Sued 1617"]
[Site "Bayern"]
[Date "2017.04.02"]
[Round "8.1"]
[White "Schuster, Karsten"]
[Black "Schnelzer, Reinhold"]
[Result "1/2-1/2"]
[WhiteElo "2254"]
[BlackElo "2200"]
[PlyCount "90"]
[EventDate "2016.10.16"]
[EventType "team-tourn"]
[EventRounds "9"]
[EventCountry "GER"]
[SourceTitle "EXT 2019"]
[Source "ChessBase"]
[SourceDate "2018.10.10"]
[SourceVersion "1"]
[SourceVersionDate "2018.10.10"]
[SourceQuality "1"]
[WhiteTeam "Groebenzell"]
[BlackTeam "Kriegshaber"]
[WhiteTeamCountry "GER"]
[BlackTeamCountry "GER"]

1. d4 d5 2. c4 c6 3. cxd5 cxd5 4. Bf4 Nc6 5. e3 Nf6 6. Nc3 Bf5 7. Qb3 Na5 8. Qa4+ Bd7 9. Qc2 Rc8 10. Bd3 b5 11. a3 g6 12. Nf3 Bg7 13. h3 0-0 14. 0-0 Qb6 15. Ne5 Be6 16. Qe2 Nc4 17. Rfc1 Bf5 18. Bxf5 gxf5 19. b3 Nd6 20. Bg5 Rxc3 21. Rxc3 Nfe4 22. Rc6 Qb7 23. Bxe7 Qxe7 24. Nd3 a5 25. Rac1 a4 26. bxa4 bxa4 27. Nf4 Nf6 28. Qa6 Rd8 29. Qxa4 Bh6 30. Qa5 Bxf4 31. exf4 Nc4 32. Qc5 Nd6 33. a4 Nh5 34. Qxd5 Nxf4 35. Qe5 Qxe5 36. dxe5 Ne2+ 37. Kh2 Nxc1 38. exd6 Ne2 39. a5 Nd4 40. Rb6 Kf8 41. Kg3 Ne6 42. a6 Ra8 43. Kh4 Ke8 44. Kh5 Nc5 45. Rb5 Ne6 1/2-1/2